[Event "Gries - Naturns"]
[Site "?"]
[Date "2016.12.17"]
[Round "4.2"]
[White "Zammarchi, Massimo"]
[Black "Teutsch, Alexander"]
[Result "0-1"]
[WhiteElo "1949"]
[BlackElo "2045"]
[PlyCount "86"]
[EventDate "2016.12.17"]

1. e4 c5 2. Nf3 Nf6 3. Nc3 d6 4. d4 cxd4 5. Nxd4 Nc6 6. Bg5 g6 7. Qd2 Bg7 8.
Nb3 Bd7 9. Be2 Rc8 10. f4 a5 11. a4 O-O 12. O-O Nb4 13. Rac1 Qb6+ 14. Kh1 Be6
15. Bb5 Rxc3 16. Bxf6 Rxc2 17. Rxc2 Bxf6 18. Rc3 Bxc3 19. bxc3 Bxb3 20. cxb4
Rc8 21. bxa5 Qc5 22. h3 Qc3 23. Qxc3 Rxc3 24. Rb1 Kg7 25. Kh2 Kf6 26. Bc6 Bc2
27. e5+ dxe5 28. fxe5+ Kg7 29. a6 bxa6 30. Rb6 a5 31. Bb5 Rc5 32. e6 f5 33. Rb8
Be4 34. g4 f4 35. Re8 Rc2+ 36. Kg1 Kf6 37. Rf8+ Ke5 38. Rf7 Kxe6 39. Rxf4 Ke5
40. Rf7 e6 41. Rxh7 Kf4 42. Bf1 Kg3 43. Rd7 Rb2 0-1

[Event "Gries - Naturns"]
[Site "?"]
[Date "2016.12.17"]
[Round "4.3"]
[White "Unterthurner, Hans"]
[Black "Niederstaetter, Harald"]
[Result "0-1"]
[WhiteElo "1937"]
[BlackElo "1936"]
[PlyCount "78"]
[EventDate "2016.12.17"]

1. e4 d6 2. d4 Nf6 3. Nc3 e5 4. Nf3 Nbd7 5. Bc4 Be7 6. O-O O-O 7. Re1 c6 8. Bb3
exd4 9. Nxd4 Nc5 10. Bc4 Qc7 11. a3 Re8 12. Qf3 Ncd7 13. Qg3 Ne5 14. Be2 Qb6
15. Nb3 Be6 16. Na4 Qc7 17. Nc3 c5 18. f4 Nc6 19. Nd2 Nd4 20. Bd1 Rad8 21. Nf3
g6 22. f5 Bd7 23. Bg5 Bc6 24. Qh4 Nh5 25. f6 Bf8 26. g4 h6 27. Be3 Nxf6 28.
Qxf6 Bxe4 29. Bxd4 cxd4 30. Nxe4 d5 31. Nf2 Bg7 32. Qh4 Re3 33. Nd3 Rde8 34.
Qg3 Qd7 35. h3 Bf8 36. Qf4 R8e4 37. Qg3 Bd6 38. Qf2 h5 39. gxh5 Qxh3 0-1

[Event "Gries - Naturns"]
[Site "?"]
[Date "2016.12.17"]
[Round "4.4"]
[White "Fongarolli, Diego"]
[Black "Gurschler, Thomas"]
[Result "1/2-1/2"]
[WhiteElo "1926"]
[BlackElo "1822"]
[PlyCount "52"]
[EventDate "2016.12.17"]

1. e4 g6 2. d4 Bg7 3. Nc3 c6 4. Bc4 d6 5. Nf3 Nf6 6. Bb3 O-O 7. O-O Bg4 8. h3
Bxf3 9. Qxf3 Qc7 10. Bg5 Nbd7 11. Rad1 c5 12. dxc5 Qxc5 13. Be3 Qa5 14. Rfe1
Rac8 15. e5 Nxe5 16. Qxb7 Nc6 17. Ba4 Rc7 18. Qb5 Rb8 19. Qxa5 Nxa5 20. Nb5
Rcb7 21. Nxa7 Rxb2 22. Bd2 Rxa2 23. Bxa5 Rxa4 24. Nc6 Rb7 25. Bd8 Bf8 26. Nxe7+
Kg7 1/2-1/2

[Event "Gries - Naturns"]
[Site "?"]
[Date "2016.12.17"]
[Round "4.5"]
[White "Pichler, Christoph"]
[Black "Paulmichl, Martin"]
[Result "1-0"]
[WhiteElo "1836"]
[BlackElo "1889"]
[PlyCount "105"]
[EventDate "2016.12.17"]

1. e4 d5 2. exd5 Qxd5 3. Nc3 Qd8 4. Nf3 Nf6 5. Bc4 a6 6. a4 e6 7. O-O c5 8. d4
Nc6 9. d5 Na5 10. Ba2 c4 11. dxe6 Bxe6 12. Qe2 Rc8 13. Rd1 Qb6 14. Nd4 Bc5 15.
Nxe6 fxe6 16. Re1 O-O 17. Qxe6+ Qxe6 18. Rxe6 Ng4 19. Be3 Nxe3 20. fxe3 Rfe8
21. Rxe8+ Rxe8 22. Nd5 Bxe3+ 23. Nxe3 Rxe3 24. Kf2 Re5 25. b4 cxb3 26. cxb3 Nc6
27. b4+ Kf8 28. Rb1 b5 29. axb5 axb5 30. Rb2 h6 31. Bb1 Ke7 32. Kf3 g5 33. Bd3
Kd6 34. Kg4 Kc7 35. Kh5 Kb6 36. Kxh6 Re3 37. Bf5 g4 38. Bxg4 Re4 39. Kg5 Nxb4
40. Be2 Re5+ 41. Kf6 Re4 42. g4 Kc5 43. Kf5 Re3 44. h4 Rh3 45. h5 Rh2 46. g5
Nc6 47. Rxb5+ Kd6 48. Rb2 Nd4+ 49. Kf6 Nxe2 50. Rd2+ Kc7 51. h6 Rf2+ 52. Kg7
Rg2 53. g6 1-0

[Event "Gries - Naturns"]
[Site "?"]
[Date "2016.12.17"]
[Round "4.6"]
[White "Spornberger, Peter"]
[Black "Gurschler, Gregor"]
[Result "1/2-1/2"]
[WhiteElo "1534"]
[BlackElo "1831"]
[PlyCount "87"]
[EventDate "2016.12.17"]

1. e4 d6 2. d4 Nf6 3. Nc3 g6 4. Nf3 Bg7 5. h3 O-O 6. Be3 c6 7. a4 b6 8. Be2
Nbd7 9. O-O Bb7 10. Re1 Qc7 11. Qd2 d5 12. exd5 Nxd5 13. Nxd5 cxd5 14. Rac1
Rfe8 15. c4 dxc4 16. Bxc4 Qd6 17. Bf4 e5 18. Bg3 Bxf3 19. gxf3 Qxd4 20. Qc2 Qd6
21. Red1 Qe7 22. Bb5 Rad8 23. Qc7 Nc5 24. Qxe7 Rxd1+ 25. Rxd1 Rxe7 26. Rd8+ Bf8
27. Bh4 Rc7 28. Bf6 Ne6 29. Re8 Nd4 30. Kg2 Nxb5 31. axb5 Rd7 32. Rxe5 Rd6 33.
Be7 Rd2 34. Ba3 Kg7 35. Re8 Bc5 36. Bxc5 bxc5 37. Rc8 Rxb2 38. Rxc5 Ra2 39. Rc6
Rb2 40. Ra6 Rxb5 41. Rxa7 Rg5+ 42. Kh2 Rf5 43. Kg3 Kh6 44. Ra4 1/2-1/2

[Event "Groeden - Kaltern/Tramin"]
[Site "?"]
[Date "2016.12.17"]
[Round "4.1"]
[White "Bertagnolli, Alexander"]
[Black "Seresin, Francesco"]
[Result "1-0"]
[WhiteElo "2407"]
[BlackElo "2102"]
[PlyCount "109"]
[EventDate "2016.12.17"]

1. e4 c6 2. d4 d5 3. Nd2 dxe4 4. Nxe4 Bf5 5. Ng3 Bg6 6. Nf3 Nd7 7. h4 h6 8. Bc4
e6 9. Qe2 Ngf6 10. Ne5 Nxe5 11. dxe5 Nd7 12. h5 Bh7 13. Bf4 Qc7 14. a3 O-O-O
15. b4 Be7 16. O-O Nb6 17. Bb3 Nd5 18. Bd2 g5 19. hxg6 Bxg6 20. c4 Nb6 21. Bc3
c5 22. Ne4 Bxe4 23. Qxe4 Qc6 24. Qxc6+ bxc6 25. Rfd1 Rhg8 26. Rxd8+ Kxd8 27.
bxc5 Nd7 28. Ba4 Nb8 29. Rd1+ Kc7 30. Rd3 Bxc5 31. Rf3 Rg7 32. Bd2 Nd7 33. Bxh6
Rh7 34. Bf4 Bd4 35. Rd3 Nc5 36. Rxd4 Nxa4 37. Be3 a6 38. g3 Nb6 39. Rh4 Rg7 40.
Bxb6+ Kxb6 41. Kg2 Ka5 42. Re4 Ka4 43. Re3 Rg8 44. f4 Rb8 45. g4 Rb2+ 46. Kf3
Rc2 47. f5 Rxc4 48. g5 Rc1 49. g6 Rf1+ 50. Kg2 fxg6 51. Kxf1 gxf5 52. Ke2 c5
53. Kd2 c4 54. Rh3 Kb5 55. Rh6 1-0

[Event "Groeden - Kaltern/Tramin"]
[Site "?"]
[Date "2016.12.17"]
[Round "4.2"]
[White "Moroder, Stephan"]
[Black "Paltrinieri, Nicholas"]
[Result "1-0"]
[WhiteElo "2153"]
[BlackElo "2232"]
[PlyCount "51"]
[EventDate "2016.12.17"]

1. c4 f5 2. g3 Nf6 3. Bg2 d6 4. Nc3 e5 5. d3 Be7 6. e4 c6 7. Nge2 O-O 8. h3 Na6
9. a3 Be6 10. exf5 Bxf5 11. d4 Qc8 12. Be3 h5 13. b4 Nc7 14. Rc1 Qe6 15. d5
cxd5 16. cxd5 Qd7 17. Qb3 Nh7 18. Ne4 Bxe4 19. Bxe4 Ng5 20. Bb1 Rac8 21. h4
Nf3+ 22. Kf1 Ne8 23. Rxc8 Qxc8 24. Qd3 Qg4 25. Qh7+ Kf7 26. Bf5 1-0

[Event "Groeden - Kaltern/Tramin"]
[Site "?"]
[Date "2016.12.17"]
[Round "4.3"]
[White "Panjkovic, Aleksandar"]
[Black "Demetz, Rainer"]
[Result "0-1"]
[WhiteElo "2087"]
[BlackElo "2173"]
[PlyCount "156"]
[EventDate "2016.12.17"]

1. c4 e5 2. g3 Nf6 3. Bg2 Bc5 4. Nc3 O-O 5. e3 Re8 6. d3 Nc6 7. Nge2 d6 8. O-O
a5 9. h3 Bb6 10. b3 Be6 11. Nd5 Bxd5 12. cxd5 Ne7 13. Nc3 c6 14. dxc6 bxc6 15.
Bb2 Qd7 16. Rc1 Nfd5 17. Nxd5 cxd5 18. Rc2 a4 19. b4 a3 20. Bc3 Rac8 21. Bd2 d4
22. Rxc8 Rxc8 23. Qb3 Qa7 24. Kh2 dxe3 25. fxe3 Rf8 26. Bc1 d5 27. b5 Bc5 28.
d4 exd4 29. exd4 Bd6 30. Bxd5 Qxd4 31. Bg2 h5 32. Bxa3 h4 33. Bxd6 Qxd6 34. a4
g6 35. b6 Nf5 36. Rxf5 gxf5 37. Qf3 Qxb6 38. gxh4 Rd8 39. h5 Qd6+ 40. Qg3+
Qxg3+ 41. Kxg3 Rd4 42. Bc6 Rc4 43. Bd7 Kg7 44. a5 Rc3+ 45. Kf4 Rc4+ 46. Kf3
Rc3+ 47. Kf4 Ra3 48. Kg5 f6+ 49. Kxf5 Rxa5+ 50. Kg4 Rg5+ 51. Kh4 Kh6 52. Bg4 f5
53. Bf3 Rg1 54. Be2 Ra1 55. Kg3 Kg5 56. h4+ Kf6 57. Bb5 Rg1+ 58. Kh2 Rg8 59.
Kh3 Ke5 60. Bc4 Rg7 61. Bb5 Kf4 62. Be8 Rg3+ 63. Kh2 Kg4 64. Ba4 Rh3+ 65. Kg2
Rxh4 66. Bd1+ Kf4 67. Bf3 Kg5 68. Kg3 Ra4 69. Kf2 Kf4 70. Bd1 Ra2+ 71. Be2 Rb2
72. Kf1 Ke3 73. Bc4 f4 74. Kg1 Rb1+ 75. Kh2 f3 76. Kg3 f2 77. Ba6 Rg1+ 78. Kh4
Kf4 0-1

[Event "Groeden - Kaltern/Tramin"]
[Site "?"]
[Date "2016.12.17"]
[Round "4.4"]
[White "Bernardi, Ruben"]
[Black "Waldner, Mirko"]
[Result "1-0"]
[WhiteElo "2135"]
[BlackElo "1912"]
[PlyCount "57"]
[EventDate "2016.12.17"]

1. e4 d6 2. d4 Nf6 3. Nc3 g6 4. f4 Bg7 5. Nf3 c5 6. Bb5+ Bd7 7. e5 Ng4 8. e6
fxe6 9. Ng5 Bxb5 10. Nxe6 Bxd4 11. Nxb5 Qa5+ 12. Qd2 Bf2+ 13. Kd1 Ne3+ 14. Ke2
Qxb5+ 15. Kxf2 Ng4+ 16. Kg3 Qd7 17. Re1 Nf6 18. b3 Na6 19. Bb2 Kf7 20. Ng5+ Kg7
21. Rxe7+ Qxe7 22. Re1 Qxe1+ 23. Qxe1 Rae8 24. Bxf6+ Kxf6 25. Qc3+ Kf5 26. Qd3+
Kf6 27. Qxd6+ Kf5 28. Kf3 h5 29. Qd7+ 1-0

[Event "Groeden - Kaltern/Tramin"]
[Site "?"]
[Date "2016.12.17"]
[Round "4.5"]
[White "Thaler, Elmar"]
[Black "Moroder, Thomas"]
[Result "0-1"]
[WhiteElo "1799"]
[BlackElo "1982"]
[PlyCount "62"]
[EventDate "2016.12.17"]

1. d4 Nf6 2. c4 g6 3. Nc3 Bg7 4. e4 d6 5. Nf3 O-O 6. h3 Na6 7. Bg5 c6 8. Bd3 e5
9. d5 h6 10. Be3 cxd5 11. cxd5 Nc5 12. Bc2 Nh5 13. Qd2 Nf4 14. Bxf4 exf4 15.
Qxf4 f5 16. Qe3 fxe4 17. Nd2 Qb6 18. Nc4 Qb4 19. Bb3 Nd3+ 20. Ke2 Rxf2+ 21.
Qxf2 Nxf2 22. Kxf2 b5 23. Ne3 Ba6 24. g4 Bd4 25. Ke2 Qc5 26. Nxe4 b4+ 27. Kf3
Rf8+ 28. Kg2 Qc7 29. Rae1 Qf7 30. Rhf1 Bxf1+ 31. Rxf1 Qe7 0-1

[Event "Groeden - Kaltern/Tramin"]
[Site "?"]
[Date "2016.12.17"]
[Round "4.6"]
[White "Grossi, Christian"]
[Black "Dallaglio, Giovanni"]
[Result "1-0"]
[WhiteElo "1761"]
[BlackElo "1826"]
[PlyCount "111"]
[EventDate "2016.12.17"]

1. d4 d5 2. Nf3 Nf6 3. c4 e6 4. e3 c5 5. Nc3 Nc6 6. Be2 dxc4 7. Bxc4 a6 8. a4
Qc7 9. Qe2 Be7 10. O-O O-O 11. dxc5 Bxc5 12. Rb1 b6 13. Bd2 Bb7 14. Rfc1 Rfd8
15. Na2 a5 16. Nc3 Rac8 17. h3 Nb4 18. Nb5 Qb8 19. Bc3 Be4 20. Ra1 Qb7 21. Nbd4
Qe7 22. b3 Nc6 23. Nxc6 Bxc6 24. Bxf6 Qxf6 25. Rd1 e5 26. e4 Bd4 27. Rac1 Bb7
28. Nxd4 exd4 29. Rd3 Qe5 30. Re1 Re8 31. f3 Kf8 32. Qf2 Rcd8 33. Red1 g6 34.
Rxd4 Rxd4 35. Qxd4 Qc5 36. Qxc5+ bxc5 37. Rd7 Re7 38. Rd8+ Re8 39. Rd6 Re7 40.
Rb6 f5 41. exf5 gxf5 42. Rf6+ Kg7 43. Rxf5 Rc7 44. Kf2 Kg6 45. Bd3 Kg7 46. Rg5+
Kf6 47. Rh5 Rd7 48. Rxh7 Rxd3 49. Rxb7 c4 50. Rb6+ Ke7 51. bxc4 Ra3 52. Ra6
Rxa4 53. Kg3 Ra1 54. Kg4 a4 55. Kg5 a3 56. g4 1-0

[Event "Richter/LASK - Arci"]
[Site "?"]
[Date "2016.12.17"]
[Round "4.2"]
[White "Voltolini, Giuseppe"]
[Black "D'Ambrosio, Luca"]
[Result "1-0"]
[WhiteElo "2182"]
[BlackElo "1731"]
[PlyCount "119"]
[EventDate "2016.12.17"]

1. d4 d5 2. c4 c6 3. Nf3 Nf6 4. Nc3 dxc4 5. a4 Bf5 6. e3 e6 7. Bxc4 Bb4 8. Ne5
Nbd7 9. Nxd7 Qxd7 10. f3 Rd8 11. O-O O-O 12. Qb3 a5 13. Rd1 Bg6 14. e4 Qc7 15.
Be3 h6 16. Kh1 Rc8 17. Rac1 Rfd8 18. Bf2 Rd7 19. Ne2 Re8 20. Bg3 Qb6 21. Nf4
Rxd4 22. Nxg6 fxg6 23. Rxd4 Qxd4 24. Rd1 Qb6 25. Bxe6+ Kh7 26. Bf4 Qf2 27. Be3
Qh4 28. Bf7 Re7 29. Kg1 Bd6 30. h3 Qg3 31. Kf1 Qh2 32. Bg1 Qg3 33. Bc4 Qf4 34.
Bf2 Qh2 35. Qe3 Rd7 36. Bg1 Qe5 37. Qd4 Qf4 38. Qe3 Qg3 39. Bf2 Qh2 40. Bb3 Bf4
41. Bg1 Qg3 42. Qf2 Rxd1+ 43. Bxd1 Qg5 44. Qc5 Qxc5 45. Bxc5 Be5 46. b3 Nd7 47.
Be3 g5 48. Kf2 Kg6 49. g3 Kf6 50. f4 gxf4 51. gxf4 Bc3 52. h4 Bb4 53. Bd4+ Kf7
54. e5 Bc5 55. Ke3 b5 56. Bg4 Bxd4+ 57. Kxd4 Nb6 58. Bd1 Nd7 59. Bf3 Nb6 60.
Bxc6 1-0

[Event "Richter/LASK - Arci"]
[Site "?"]
[Date "2016.12.17"]
[Round "4.3"]
[White "Romaniello, Domenico"]
[Black "Pangrazzi, Marco"]
[Result "0-1"]
[WhiteElo "1530"]
[BlackElo "2241"]
[PlyCount "68"]
[EventDate "2016.12.17"]

1. Nf3 d5 2. d4 f5 3. Bf4 Nf6 4. Nbd2 e6 5. e3 Bd6 6. Ne5 O-O 7. Bd3 c5 8. c3
Nc6 9. Ndf3 Qc7 10. Rc1 Ne4 11. Nxc6 bxc6 12. Bxd6 Qxd6 13. Ne5 cxd4 14. exd4
c5 15. O-O Rb8 16. f3 Nf6 17. Rf2 Bd7 18. Qe2 Rfc8 19. Re1 Be8 20. g4 g6 21.
Rg2 fxg4 22. fxg4 cxd4 23. cxd4 Rb4 24. Rf1 Ne4 25. Bxe4 dxe4 26. Qxe4 Rxd4 27.
Qe3 Rc5 28. Nf3 Rd3 29. Qh6 Bc6 30. Ng5 Qd4+ 31. Kh1 Bxg2+ 32. Kxg2 Rc2+ 33.
Kh1 Qd5+ 34. Rf3 Rd1# 0-1

[Event "Richter/LASK - Arci"]
[Site "?"]
[Date "2016.12.17"]
[Round "4.4"]
[White "Bevilacqua, Maurizio"]
[Black "Rizzardi, Roberto"]
[Result "1/2-1/2"]
[WhiteElo "2019"]
[BlackElo "1580"]
[PlyCount "58"]
[EventDate "2016.12.17"]

1. c4 c5 2. g3 Nf6 3. Bg2 Nc6 4. Nc3 e6 5. Nf3 Be7 6. d4 cxd4 7. Nxd4 Qb6 8.
Nc2 a6 9. O-O O-O 10. e4 h6 11. Rb1 d6 12. Be3 Qc7 13. f4 Nd7 14. Qe2 Na7 15.
Rfd1 Nc6 16. Nd4 Rb8 17. Rbc1 Nc5 18. Nxc6 bxc6 19. Bxc5 dxc5 20. Rd2 a5 21. b3
e5 22. Rf1 Rd8 23. Rxd8+ Qxd8 24. Rd1 Qc7 25. Qe3 Bg4 26. Bf3 Bxf3 27. Qxf3 Rd8
28. f5 Rd4 29. Rxd4 cxd4 1/2-1/2

[Event "Richter/LASK - Arci"]
[Site "?"]
[Date "2016.??.17"]
[Round "4.5"]
[White "Rinaldo, Gaetano"]
[Black "Battiston, Claudio"]
[Result "1-0"]
[WhiteElo "1668"]
[BlackElo "1821"]
[PlyCount "116"]
[EventDate "2016.12.17"]

1. g3 d5 2. Nf3 Nf6 3. c4 e6 4. Bg2 c5 5. O-O Nc6 6. d3 Be7 7. Nc3 O-O 8. Bg5
d4 9. Nb5 a6 10. Na3 e5 11. Nc2 h6 12. Bxf6 Bxf6 13. a3 Bf5 14. Nd2 Qd7 15. b4
cxb4 16. axb4 Bh3 17. c5 Bxg2 18. Kxg2 Be7 19. Nc4 Rad8 20. Qb1 f5 21. Qb3 Qe6
22. Nd2 Qxb3 23. Nxb3 Na7 24. Na5 Rd7 25. Nc4 Nc6 26. Rfb1 Kf7 27. Ne1 Ke6 28.
f3 g5 29. Nc2 h5 30. h3 Rg8 31. g4 h4 32. Rf1 Rf8 33. Rg1 Rf7 34. Rgf1 Rf8 35.
Rh1 Rf7 36. Rhd1 Rf6 37. gxf5+ Rxf5 38. Kf2 Na7 39. Nd2 Nb5 40. Ne4 Bd8 41. c6
bxc6 42. Nc5+ Kd6 43. Nxd7 Kxd7 44. Rxa6 Nc3 45. Rda1 Nd5 46. e4 dxe3+ 47. Nxe3
Nxe3 48. Kxe3 Rf4 49. Ra7+ Kd6 50. Rb7 Bf6 51. Ra6 g4 52. fxg4 Bg5 53. Ke2 e4
54. b5 exd3+ 55. Kxd3 Rf3+ 56. Ke2 Re3+ 57. Kf2 Rxh3 58. Rxc6+ Kd5 1-0

[Event "Richter/LASK - Arci"]
[Site "?"]
[Date "2016.12.17"]
[Round "4.6"]
[White "Rigo, Gianfranco"]
[Black "Petruccello, Tomas"]
[Result "1-0"]
[WhiteElo "1874"]
[BlackElo "1141"]
[PlyCount "55"]
[EventDate "2016.12.17"]

1. e4 c5 2. Nc3 Nc6 3. f4 e6 4. Nf3 d5 5. Bb5 dxe4 6. Bxc6+ bxc6 7. Nxe4 Nf6 8.
Qe2 Bd6 9. d3 Nd5 10. Nxd6+ Qxd6 11. Ne5 O-O 12. O-O Rb8 13. Bd2 Ba6 14. c4 Nb4
15. Bc3 f6 16. a3 fxe5 17. axb4 Rbd8 18. Bxe5 Qxd3 19. Qxd3 Rxd3 20. Rxa6 Re3
21. Rxa7 Rxe5 22. fxe5 Rxf1+ 23. Kxf1 cxb4 24. Ke2 Kf8 25. Ke3 c5 26. g4 h6 27.
h4 g5 28. h5 1-0

[Event "Klausen - Naturns2"]
[Site "?"]
[Date "2016.12.17"]
[Round "4.1"]
[White "Naegele, Raimund"]
[Black "Schacher, Gerd"]
[Result "1/2-1/2"]
[WhiteElo "1696"]
[BlackElo "2297"]
[PlyCount "107"]
[EventDate "2016.12.17"]

1. d4 g6 2. e4 Bg7 3. Nf3 d6 4. Nc3 a6 5. Be2 Nd7 6. O-O b5 7. Bf4 Bb7 8. e5
Nb6 9. Bd3 e6 10. exd6 cxd6 11. Ne4 Bxe4 12. Bxe4 d5 13. Bd3 Ne7 14. Be5 O-O
15. Bxg7 Kxg7 16. Ne5 Nc4 17. Bxc4 dxc4 18. c3 Qd5 19. Qd2 Rad8 20. Rfe1 h6 21.
Ng4 Qg5 22. Qxg5 hxg5 23. Re2 Nd5 24. Ne5 Rd6 25. Rae1 f6 26. Nf3 Nf4 27. Rd2
g4 28. Re4 gxf3 29. Rxf4 fxg2 30. Kxg2 Rh8 31. Re2 Kf7 32. Rfe4 Rh5 33. R4e3 a5
34. a3 b4 35. axb4 axb4 36. Re4 Rb5 37. R4e3 g5 38. Re4 bxc3 39. bxc3 Rb3 40.
R2e3 Ra6 41. h4 f5 42. Re5 gxh4 43. Rc5 Rb8 44. Rxc4 Rg8+ 45. Kh3 Ra1 46. Kh2
Rag1 47. Rf3 Rc1 48. Rc6 Rgg1 49. Re3 Rh1+ 50. Kg2 h3+ 51. Kf3 Rhe1 52. Rxe1
Rxe1 53. Kg3 Re2 54. Kxh3 1/2-1/2

[Event "Merania - Wipptal"]
[Site "?"]
[Date "2016.12.17"]
[Round "4.2"]
[White "Wild, Alexander"]
[Black "Saxl, Alexander"]
[Result "1-0"]
[WhiteElo "1637"]
[BlackElo "1348"]
[PlyCount "81"]
[EventDate "2016.12.17"]

1. b3 e5 2. Bb2 Nc6 3. e3 a6 4. g3 Nf6 5. Bg2 d6 6. Ne2 Bd7 7. O-O Be7 8. f4 e4
9. Nbc3 d5 10. f5 h5 11. Bh3 Ng4 12. Nxd5 Bf6 13. Nxf6+ Nxf6 14. Nc3 Ne7 15.
Rf4 Ned5 16. Nxd5 Nxd5 17. Rxe4+ Kf8 18. c4 Nf6 19. Rh4 Bc6 20. d3 Qd6 21. Qe2
Rd8 22. Rd4 Qe7 23. Rxd8+ Qxd8 24. e4 Ng4 25. Rd1 Qg5 26. Bc1 Qf6 27. d4 b5 28.
Bb2 Qd8 29. d5 Bb7 30. Bxg4 hxg4 31. Qxg4 f6 32. Ba3+ Kg8 33. c5 Qe8 34. b4 Qe5
35. Qe2 Bc8 36. Bb2 Qe8 37. Qg4 Rh6 38. d6 cxd6 39. Rxd6 Qe7 40. e5 fxe5 41.
Rxh6 1-0

[Event "Steinegg - Ridnaun"]
[Site "?"]
[Date "2016.12.17"]
[Round "4.5"]
[White "Helfer, Sebastian"]
[Black "Lantschner, Carmen"]
[Result "0-1"]
[WhiteElo "1381"]
[BlackElo "1630"]
[PlyCount "68"]
[EventDate "2016.12.17"]

1. d4 d6 2. c4 g6 3. Nc3 Bg7 4. Bg5 h6 5. Bh4 Nf6 6. h3 O-O 7. Nf3 Nc6 8. e3 e5
9. dxe5 Nxe5 10. Be2 Be6 11. Nxe5 dxe5 12. O-O Qe7 13. Qc2 Bf5 14. e4 Be6 15.
Nd5 Bxd5 16. cxd5 Rac8 17. Qa4 a6 18. Rac1 Qd6 19. Bxf6 Bxf6 20. Rfd1 h5 21.
Rc3 Bg5 22. Rdd3 Kg7 23. Rg3 Kh6 24. Qd1 Rfd8 25. Rgd3 Qb4 26. Rb3 Qxe4 27.
Rxb7 Rd6 28. Bf3 Qf4 29. Rc3 Bd8 30. Qc1 Qxc1+ 31. Rxc1 f5 32. Rc6 e4 33. Rxd6
cxd6 34. Be2 a5 0-1

[Event "Arci - Brixen/Milland"]
[Site "?"]
[Date "2017.01.14"]
[Round "5.1"]
[White "Sader, Michael"]
[Black "Olivetti, Davide"]
[Result "0-1"]
[WhiteElo "2116"]
[BlackElo "2095"]
[PlyCount "76"]
[EventDate "2017.01.28"]

1. c4 g6 2. Nc3 Bg7 3. g3 d6 4. Bg2 Nc6 5. Nf3 e5 6. O-O Nge7 7. Rb1 O-O 8. b4
f5 9. b5 Nb8 10. d4 e4 11. Ne1 Be6 12. f3 Bxc4 13. fxe4 fxe4 14. Rxf8+ Qxf8 15.
Nxe4 Bxa2 16. Ra1 Bd5 17. Nc2 Nd7 18. Ng5 Bxg2 19. Kxg2 Qf5 20. e4 Qxb5 21. Ne6
Qc4 22. Nxg7 Kxg7 23. Ne3 Qf7 24. Bb2 d5 25. Qb3 Nb6 26. Rf1 Qe6 27. e5 Rf8 28.
Rxf8 Kxf8 29. Bc1 Kg7 30. Qd1 Nc4 31. Ng4 Nf5 32. Qf3 b5 33. Bg5 b4 34. Bf6+
Kg8 35. Qb3 a5 36. Qa4 Nxd4 37. Nh6+ Kf8 38. Qd1 Ne3+ 0-1

[Event "Arci - Brixen/Milland"]
[Site "?"]
[Date "2017.01.14"]
[Round "5.2"]
[White "De Vita, Gianni"]
[Black "Kofler, Thomas"]
[Result "1/2-1/2"]
[WhiteElo "1941"]
[BlackElo "1940"]
[PlyCount "128"]
[EventDate "2017.01.28"]

1. e4 d6 2. d4 Nf6 3. Bd3 e5 4. Ne2 Bg4 5. f3 Bh5 6. c3 Be7 7. Be3 Nbd7 8. Nd2
Bg6 9. Bf2 c6 10. Nc4 Qc7 11. Ng3 O-O 12. Ne3 exd4 13. cxd4 c5 14. Ngf5 Rfe8
15. Nxe7+ Rxe7 16. d5 Ne5 17. O-O Nxd3 18. Qxd3 Nd7 19. Rfc1 f6 20. Qc3 Rf8 21.
b4 b6 22. bxc5 bxc5 23. Rab1 f5 24. exf5 Bxf5 25. Nxf5 Rxf5 26. Qb3 Rf8 27. Qb7
Nb6 28. Qa6 Qb7 29. Qxb7 Rxb7 30. Bg3 Rd7 31. Rd1 Rf5 32. Rb3 Rxd5 33. Rxd5
Nxd5 34. Rd3 Nb4 35. Rxd6 Rxd6 36. Bxd6 Na6 37. f4 Kf7 38. Kf2 Ke6 39. Be5 g5
40. Kf3 gxf4 41. Bxf4 Nb4 42. a3 Nc2 43. a4 Ne1+ 44. Kg4 c4 45. Bd2 Nd3 46. Kf3
Kd5 47. g4 a6 48. Ke3 Nc5 49. a5 Ne4 50. Be1 Ke5 51. Bb4 Kd5 52. Be1 Nf6 53. g5
Ne4 54. Bb4 Ke5 55. Be7 Kf5 56. Kd4 c3 57. Kd3 Nd2 58. Kxc3 Nf3 59. Kc4 Nxh2
60. Kc5 Nf3 61. Kb6 Nd4 62. Kxa6 Nc6 63. Bf6 h6 64. Kb6 Nxa5 1/2-1/2

[Event "Arci - Brixen/Milland"]
[Site "?"]
[Date "2017.01.14"]
[Round "5.3"]
[White "Kofler, Oswald"]
[Black "Reyna Hernandez, Sandor"]
[Result "0-1"]
[WhiteElo "1839"]
[BlackElo "1865"]
[PlyCount "113"]
[EventDate "2017.01.28"]

1. d4 f5 2. c4 Nf6 3. Nc3 g6 4. Nf3 Bg7 5. e3 O-O 6. Bd3 d6 7. O-O Nc6 8. a3 e5
9. Bc2 Qe7 10. d5 Nd8 11. b4 Nf7 12. Bb2 g5 13. Ne2 f4 14. exf4 gxf4 15. Re1
Bh6 16. Nc3 Kh8 17. Ne4 Rg8 18. Kf1 Bg4 19. Qd3 Bf5 20. Qe2 Nxe4 21. Bxe4 Qf6
22. Qd3 Bxe4 23. Qxe4 Rg6 24. Rac1 Rag8 25. c5 Ng5 26. Nxg5 Qxg5 27. cxd6 cxd6
28. Rc7 f3 29. Qxf3 Qxg2+ 30. Qxg2 Rxg2 31. Rxb7 Rxh2 32. Rd7 Bf4 33. Rxd6 Rh1+
34. Ke2 Rxe1+ 35. Kxe1 h5 36. Re6 Kh7 37. Bxe5 Bxe5 38. Rxe5 Kh6 39. d6 Rd8 40.
Rd5 Rd7 41. f3 Kg6 42. Kf2 h4 43. Kg2 Kf6 44. Kh3 Ke6 45. Rd3 Kf5 46. Kxh4 Kf4
47. Kh3 Ke5 48. Kg3 Rg7+ 49. Kf2 Rd7 50. Ke3 Kf5 51. Kd2 Kf4 52. Kc3 Kf5 53.
Kc4 Kf6 54. Kc5 Kf7 55. Kc6 Ke8 56. Re3+ Kd8 57. Re7 0-1

[Event "Arci - Brixen/Milland"]
[Site "?"]
[Date "2017.01.14"]
[Round "5.4"]
[White "Rinaldo, Gaetano"]
[Black "Wisthaler, Lukas"]
[Result "0-1"]
[WhiteElo "1668"]
[BlackElo "1788"]
[PlyCount "94"]
[EventDate "2017.01.28"]

1. g3 d5 2. Nf3 c5 3. d3 Nc6 4. Bg2 e5 5. O-O Nf6 6. Bg5 Be7 7. Nbd2 h6 8. Bxf6
Bxf6 9. e4 Be6 10. c3 O-O 11. Qe2 Rc8 12. a3 Qb6 13. exd5 Bxd5 14. Nc4 Qc7 15.
Bh3 Rcd8 16. Nfd2 Qe7 17. Ne3 Be6 18. Bxe6 Qxe6 19. Ne4 Be7 20. b4 f5 21. Nxc5
Bxc5 22. bxc5 f4 23. Qg4 Qxg4 24. Nxg4 Rxd3 25. gxf4 exf4 26. f3 Rxc3 27. Nf2
Rxc5 28. Ne4 Rc2 29. Rfd1 Ne5 30. Rf1 Rd8 31. Rf2 Rxf2 32. Kxf2 Rd3 33. Rc1
Rxf3+ 34. Kg2 Rxa3 35. Rc8+ Kh7 36. Rc7 Rb3 37. Nf6+ Kg6 38. Ne8 Kf5 39. Rxg7
Rb2+ 40. Kg1 Nf3+ 41. Kf1 Ne5 42. Nd6+ Kf6 43. Ne8+ Ke6 44. Nc7+ Kf5 45. Ne8 f3
46. Nd6+ Kf4 47. Rh7 Rb1+ 0-1

[Event "Arci - Brixen/Milland"]
[Site "?"]
[Date "2017.01.14"]
[Round "5.5"]
[White "Hellweg, Stephan"]
[Black "Rizzardi, Roberto"]
[Result "0-1"]
[WhiteElo "1736"]
[BlackElo "1580"]
[PlyCount "55"]
[EventDate "2017.01.28"]

1. e4 d5 2. exd5 Qxd5 3. Nf3 c6 4. d4 Nf6 5. Nc3 Qd6 6. Be2 Bg4 7. Be3 e6 8.
Qd2 Qc7 9. Bf4 Bd6 10. Bxd6 Qxd6 11. Rd1 O-O 12. O-O Nbd7 13. h3 Bh5 14. Rfe1
Rad8 15. Qc1 Qc7 16. Nh4 Bxe2 17. Rxe2 Qa5 18. Nf3 Nd5 19. Nxd5 cxd5 20. a3 Rc8
21. c3 Rc6 22. Qf4 Qc7 23. Qh4 h6 24. Rd3 Qd8 25. Qg3 Qf6 26. Nh2 Qf5 27. Ng4
Rcc8 28. Nxh6+ 0-1

[Event "Ehrenburg - Groeden"]
[Site "?"]
[Date "2017.01.14"]
[Round "5.1"]
[White "Seresin, Francesco"]
[Black "Jedinger, Andreas"]
[Result "1-0"]
[WhiteElo "2102"]
[BlackElo "2124"]
[PlyCount "83"]
[EventDate "2017.01.28"]

1. d4 Nf6 2. c4 g6 3. Nf3 Bg7 4. g3 c6 5. Bg2 d5 6. cxd5 cxd5 7. Nc3 Ne4 8.
Nxe4 dxe4 9. Ng5 Qxd4 10. Qb3 O-O 11. O-O Nc6 12. Nxe4 Qb6 13. Qxb6 axb6 14.
Nc3 Be6 15. Be3 Rfd8 16. a3 Bb3 17. Bxb6 Rd2 18. Rab1 Bc2 19. Be3 Bxc3 20. bxc3
Bxb1 21. Bxd2 Ba2 22. Ra1 Bc4 23. Bxc6 bxc6 24. Kf1 Ra4 25. Be3 Bb5 26. f3 Rc4
27. Rc1 f6 28. Kf2 Kf7 29. h4 h5 30. Bb6 Ke6 31. e4 f5 32. exf5+ Kxf5 33. Bd4
e5 34. Bb6 Ke6 35. Bc7 Ra4 36. Ra1 e4 37. f4 Bd3 38. Ke3 Kd5 39. Be5 Ra7 40. a4
Rb7 41. a5 Rb2 42. c4+ 1-0

[Event "Ehrenburg - Groeden"]
[Site "?"]
[Date "2017.01.14"]
[Round "5.2"]
[White "Babinetz, Rainer"]
[Black "Demetz, Rainer"]
[Result "0-1"]
[WhiteElo "1967"]
[BlackElo "2173"]
[PlyCount "72"]
[EventDate "2017.01.28"]

1. d4 Nf6 2. c4 d6 3. Nc3 Nbd7 4. e4 e5 5. d5 g6 6. Nf3 Bg7 7. Be2 O-O 8. O-O
Nc5 9. Qc2 a5 10. b3 Nh5 11. a3 f5 12. Ne1 Nf6 13. f3 f4 14. Bb2 a4 15. b4 Nb3
16. Rb1 Bd7 17. Bd1 g5 18. Nd3 g4 19. Qf2 g3 20. Qe1 gxh2+ 21. Kxh2 Nh5 22. Ne2
Ng3 23. Bxb3 axb3 24. Bc1 Qh4+ 25. Kg1 Rf6 26. Nf2 Rg6 27. Rxb3 Nxf1 28. Qxf1
Kh8 29. Bb2 Rg8 30. Ng4 Bxg4 31. fxg4 Rxg4 32. Rf3 Bf6 33. Rf2 Qg5 34. g3 fxg3
35. Rxf6 Qe3+ 36. Kg2 Rh4 0-1